Estudio a nivel de prefactibilidad calles para el pueblo 2013 - Mateare
Presenta estudio a nivel de prefactibilidad calles para el pueblo 2013 - Mateare, presenta un estudio de demanda para determinar la problemática que origina el proyecto, así como un estudio técnico para la determinación de la ingeniería de proceso y un estudio económico para la viabilidad del...
| Main Authors: | , , |
|---|---|
| Other Authors: | |
| Format: | Tesis Section = Libro |
| Language: | Undetermined Spanish |
| Published: |
Managua
UNI
2013
|
| Subjects: |
| LEADER | 01160nam a2200277Ia 4500 | ||
|---|---|---|---|
| 008 | 240830s9999 xx 000 0 und d | ||
| 040 | |a BIBLIOTECA-RUPAP T.Mon 625.85 R763 | ||
| 041 | |a spa | ||
| 082 | |a T.Mon 625.85 R763 | ||
| 100 | 1 | |a Romero López, Oscar David, | |
| 100 | 1 | |b Rivas Valle, Elizabeth | |
| 100 | 1 | |c Vásquez Sandoval, Israel Antonio | |
| 245 | 1 | 0 | |a Estudio a nivel de prefactibilidad calles para el pueblo 2013 - Mateare |
| 260 | |a Managua |b UNI |c 2013 | ||
| 300 | |a 92 p. :il. | ||
| 500 | |a Contiene: anexos. | ||
| 502 | |a Tesis (Ingeniero Civil)- UNI, 2013. | ||
| 520 | 3 | |a Presenta estudio a nivel de prefactibilidad calles para el pueblo 2013 - Mateare, presenta un estudio de demanda para determinar la problemática que origina el proyecto, así como un estudio técnico para la determinación de la ingeniería de proceso y un estudio económico para la viabilidad del proyecto. | |
| 650 | 7 | |a PAVIMENTOS | |
| 650 | 7 | |b PAVIMENTOS DE ADOQUIN | |
| 650 | 7 | |c CALLES - DISEÑO Y CONSTRUCCION | |
| 650 | 7 | |e CALLES DFINANCIACION | |
| 700 | 1 | |a Tutor: |b Rivera Medina, Ricardo José | |
| 942 | |c BK |2 ddc | ||
| 991 | |a TESIS | ||
| 999 | |c 18407 | ||